[Event "HUN-chT2 Breyer 1011"]
[Site "Hungary"]
[Date "2011.04.10"]
[Round "8.3"]
[White "Bende, Ede"]
[Black "Dibusz, Ferenc"]
[Result "0-1"]
[WhiteElo "2157"]
[BlackElo "2197"]
[PlyCount "62"]
[EventDate "2010.09.12"]
[EventType "team-tourn"]
[EventRounds "11"]
[EventCountry "HUN"]
[SourceTitle "EXT 2012"]
[Source "ChessBase"]
[SourceDate "2011.11.24"]
[SourceVersion "1"]
[SourceVersionDate "2011.11.24"]
[SourceQuality "1"]
[WhiteTeam "Gyor Komszomol"]
[BlackTeam "Geniusz Tata"]
[WhiteTeamCountry "HUN"]
[BlackTeamCountry "HUN"]

1. d4 d5 2. c4 e6 3. Nf3 Nf6 4. Nc3 c6 5. e3 Nbd7 6. Be2 Bd6 7. 0-0 0-0 8. b3 Ne4 9. Bb2 f5 10. Nxe4 fxe4 11. Ne5 Qg5 12. Nxd7 Bxd7 13. Qc1 Qh4 14. g3 Qh3 15. Qd1 Rf6 16. Bg4 Qh6 17. Bc1 Raf8 18. f4 exf3 19. Rxf3 Qg6 20. Rxf6 Rxf6 21. Bd2 Bxg3 22. hxg3 e5 23. dxe5 Bxg4 24. Qe1 Rf5 25. cxd5 Bf3 26. e4 Rh5 27. Kf2 Bxe4 28. Rc1 Qg4 29. Rc3 cxd5 30. Bc1 Rh2+ 31. Ke3 Qg5+ 0-1

[Event "HUN-chT2 Breyer 1011"]
[Site "Hungary"]
[Date "2010.10.10"]
[Round "3.3"]
[White "Bende, Ede"]
[Black "Horeczky, Tibor"]
[Result "0-1"]
[WhiteElo "2157"]
[BlackElo "2183"]
[PlyCount "124"]
[EventDate "2010.09.12"]
[EventType "team-tourn"]
[EventRounds "11"]
[EventCountry "HUN"]
[SourceTitle "EXT 2012"]
[Source "ChessBase"]
[SourceDate "2011.11.24"]
[SourceVersion "1"]
[SourceVersionDate "2011.11.24"]
[SourceQuality "1"]
[WhiteTeam "Gyor Komszomol"]
[BlackTeam "Szazhalombatta"]
[WhiteTeamCountry "HUN"]
[BlackTeamCountry "HUN"]

1. d4 Nf6 2. Nf3 g6 3. c4 Bg7 4. Nc3 0-0 5. e4 d6 6. Be2 e5 7. dxe5 dxe5 8. Qxd8 Rxd8 9. Bg5 Nbd7 10. Rd1 Rf8 11. 0-0 c6 12. b4 a5 13. b5 cxb5 14. cxb5 Nc5 15. Nd2 Be6 16. Be3 Rac8 17. f3 Nd3 18. Nd5 Bxd5 19. Bxd3 Bxa2 20. Bb6 Rc3 21. Ra1 Rxd3 22. Rxa2 a4 23. Nc4 Ra8 24. Rfa1 Rb3 25. Rxa4 Rxa4 26. Rxa4 Rxb5 27. Ra8+ Bf8 28. Bc7 Nd7 29. Rd8 Rc5 30. Rxd7 Rxc4 31. Bxe5 b5 32. Rd8 Rc6 33. Rb8 b4 34. Bf4 Kg7 35. Be5+ f6 36. Rb7+ Kh6 37. Bf4+ g5 38. Bd2 Rc4 39. h4 Kg6 40. hxg5 Bc5+ 41. Kf1 fxg5 42. Ke2 g4 43. Kd3 Rd4+ 44. Kc2 Bf8 45. Rb6+ Kf7 46. Rb7+ Kg6 47. Rb6+ Kf7 48. e5 gxf3 49. gxf3 Be7 50. f4 h5 51. f5 h4 52. Rh6 b3+ 53. Kc3 b2 54. Rh7+ Kg8 55. Rxe7 b1Q 56. Kxd4 Qxf5 57. Bb4 h3 58. Bd6 h2 59. Re8+ Kg7 60. e6 h1Q 61. Be5+ Qxe5+ 62. Kxe5 Qh5+ 0-1

[Event "HUN-chT2 Breyer 1011"]
[Site "Hungary"]
[Date "2010.09.26"]
[Round "2.3"]
[White "Rigan, Jozsef"]
[Black "Bende, Ede"]
[Result "1-0"]
[WhiteElo "2043"]
[BlackElo "2157"]
[PlyCount "127"]
[EventDate "2010.09.12"]
[EventType "team-tourn"]
[EventRounds "11"]
[EventCountry "HUN"]
[SourceTitle "EXT 2012"]
[Source "ChessBase"]
[SourceDate "2011.11.24"]
[SourceVersion "1"]
[SourceVersionDate "2011.11.24"]
[SourceQuality "1"]
[WhiteTeam "Turul"]
[BlackTeam "Gyor Komszomol"]
[WhiteTeamCountry "HUN"]
[BlackTeamCountry "HUN"]

1. c4 c6 2. b3 d5 3. e3 Bf5 4. Bb2 e6 5. Be2 Nf6 6. Nf3 Nbd7 7. 0-0 Bd6 8. d4 0-0 9. Nbd2 Qc7 10. h3 Rfe8 11. c5 Be7 12. b4 b6 13. Nh4 bxc5 14. Nxf5 exf5 15. bxc5 f4 16. exf4 Qxf4 17. g3 Qh6 18. Kg2 Bd8 19. Nf3 Ne4 20. Ba6 Bc7 21. Bc1 Qf6 22. Bd3 h6 23. Ba3 Ba5 24. Rc1 Nf8 25. Bxe4 Rxe4 26. Ne5 Ne6 27. Bb2 Rb8 28. Ba1 Rc8 29. f3 Re3 30. Ng4 Qg5 31. f4 Rxg3+ 32. Kxg3 Bc7 33. Qd2 h5 34. Qe3 hxg4 35. hxg4 Qh6 36. Bc3 f5 37. Bd2 Kf7 38. Qd3 g6 39. gxf5 Qg5+ 40. Kf3 Qh5+ 41. Kg2 gxf5 42. Rh1 Rg8+ 43. Kf2 Qg4 44. Rcg1 Nxf4 45. Qf1 Ng2 46. Rh7+ Kf6 47. Rxg2 Bg3+ 48. Kg1 Qxd4+ 49. Kh1 Rg4 50. Rh3 Qe4 51. Qe2 Rh4 52. Rxh4 Qxh4+ 53. Kg1 Qd4+ 54. Be3 Qa1+ 55. Qf1 Qe5 56. Qd3 Qa1+ 57. Qf1 Qe5 58. Bf2 Bf4 59. Bh4+ Kf7 60. Qd1 Be3+ 61. Kh1 Qh8 62. Rh2 f4 63. Qb1 Qh5 64. Qb7+ 1-0

[Event "HUN-chT2 Breyer 1011"]
[Site "Hungary"]
[Date "2010.09.12"]
[Round "1.2"]
[White "Gal, Lajos"]
[Black "Bende, Ede"]
[Result "0-1"]
[WhiteElo "2115"]
[BlackElo "2157"]
[PlyCount "136"]
[EventDate "2010.09.12"]
[EventType "team-tourn"]
[EventRounds "11"]
[EventCountry "HUN"]
[SourceTitle "EXT 2012"]
[Source "ChessBase"]
[SourceDate "2011.11.24"]
[SourceVersion "1"]
[SourceVersionDate "2011.11.24"]
[SourceQuality "1"]
[WhiteTeam "Zoltek"]
[BlackTeam "Gyor Komszomol"]
[WhiteTeamCountry "HUN"]
[BlackTeamCountry "HUN"]

1. f4 d5 2. Nf3 c5 3. e3 g6 4. Bb5+ Bd7 5. Qe2 Bg7 6. 0-0 Qb6 7. a4 Nh6 8. Nc3 e6 9. a5 Qc7 10. Bxd7+ Nxd7 11. Nb5 Qc6 12. c3 0-0 13. Na3 b6 14. Nc2 Rfc8 15. b4 cxb4 16. Nxb4 Qc4 17. Re1 Qxe2 18. Rxe2 Nc5 19. axb6 axb6 20. Rxa8 Rxa8 21. Bb2 Nf5 22. Kf2 Ne4+ 23. Kf1 Ra4 24. Nd4 Nxd4 25. exd4 Bxd4 26. Ke1 Rxb4 27. cxb4 Bxb2 28. Kd1 Ba3 29. b5 Bc5 30. Kc2 Nd6 31. g4 Nxb5 32. Kd3 Nd4 33. Re1 Nf3 34. Rh1 e5 35. f5 e4+ 36. Kc3 Kg7 37. h4 gxf5 38. g5 Bd4+ 39. Kc2 Bf2 40. Rf1 Bxh4 41. d3 Ne1+ 42. Kc3 Kg6 43. dxe4 dxe4 44. Kd4 Nf3+ 45. Kd5 Bxg5 46. Kc6 Be3 47. Kd5 h5 48. Rh1 h4 49. Rh3 Kg5 50. Kd6 Bc5+ 51. Kd5 Kg4 52. Rh1 h3 53. Ra1 h2 54. Ra8 h1Q 55. Rg8+ Kf4 56. Kc6 Qd1 57. Rg2 Qd6+ 58. Kb7 b5 59. Rg8 Qd7+ 60. Kb8 Qa7+ 61. Kc8 Qa8+ 62. Kc7 Qxg8 63. Kc6 Qf8 64. Kxb5 Bf2 65. Kc4 Qc5+ 66. Kb3 Nd2+ 67. Kb2 Bd4+ 68. Ka2 Qa7# 0-1

[Event "HUN-chT2 Breyer 0910"]
[Site "Hungary"]
[Date "2010.04.18"]
[Round "10"]
[White "Molnar, Jozsef"]
[Black "Bende, Ede"]
[Result "1-0"]
[WhiteElo "2211"]
[BlackElo "2178"]
[PlyCount "45"]
[EventDate "2009.11.08"]
[EventType "team-tourn"]
[EventRounds "11"]
[EventCountry "HUN"]
[SourceTitle "EXT 2011"]
[Source "ChessBase"]
[SourceDate "2010.11.26"]
[SourceVersion "1"]
[SourceVersionDate "2010.11.26"]
[SourceQuality "1"]
[WhiteTeam "BEAC II"]
[BlackTeam "Gyor Komszomol"]
[WhiteTeamCountry "HUN"]
[BlackTeamCountry "HUN"]

1. e4 e6 2. d4 d5 3. Nd2 c5 4. Ngf3 cxd4 5. Nxd4 Bc5 6. N4b3 Bb6 7. Bd3 Nc6 8. 0-0 Nf6 9. Qe2 Nb4 10. e5 Nd7 11. Kh1 a5 12. Nf3 a4 13. Nbd4 Nxd3 14. cxd3 Bxd4 15. Nxd4 Qa5 16. f4 Qb4 17. Be3 b6 18. a3 Qa5 19. f5 Nc5 20. Qg4 g6 21. Qg5 Qa7 22. fxg6 hxg6 23. Nb5 1-0

[Event "HUN-chT2 Szechenyi 0708"]
[Site "Hungary"]
[Date "2008.04.27"]
[Round "10"]
[White "Bende, Ede"]
[Black "Paksa, Rudolf"]
[Result "1/2-1/2"]
[WhiteElo "2175"]
[BlackElo "2196"]
[PlyCount "148"]
[EventDate "2007.10.14"]
[EventType "team"]
[EventRounds "11"]
[EventCountry "HUN"]
[SourceTitle "EXT 2009"]
[Source "ChessBase"]
[SourceDate "2008.11.26"]
[SourceVersion "1"]
[SourceVersionDate "2008.11.26"]
[SourceQuality "1"]
[WhiteTeam "Gyor Komszomol"]
[BlackTeam "Ajka Banyasz"]
[WhiteTeamCountry "HUN"]
[BlackTeamCountry "HUN"]

1. d4 d5 2. Nf3 c5 3. dxc5 Nc6 4. c3 a5 5. Nd4 e5 6. Nxc6 bxc6 7. e4 Bxc5 8. exd5 Qb6 9. Qc2 Ne7 10. d6 Bf5 11. Bd3 Bxd3 12. Qxd3 Rd8 13. Be3 Nd5 14. Bxc5 Qxc5 15. Nd2 Nf4 16. Qf3 Qxd6 17. 0-0-0 0-0 18. Ne4 Qe6 19. g3 Nd5 20. Rd2 f5 21. Ng5 Qf6 22. h4 h6 23. Nh3 e4 24. Qe2 Nxc3 25. Qc4+ Nd5 26. Nf4 Qf7 27. Rhd1 Rc8 28. Kb1 Nxf4 29. Qxf7+ Kxf7 30. Rd7+ Kg8 31. gxf4 Rf7 32. Rd8+ Rxd8 33. Rxd8+ Kh7 34. Rd6 c5 35. Kc2 a4 36. Kc3 Re7 37. Kd2 Rc7 38. Kc3 Re7 39. Kd2 Ra7 40. Kc3 Re7 41. Kd2 g6 42. Rd5 c4 43. Ra5 Rd7+ 44. Ke2 Rb7 45. Rxa4 g5 46. fxg5 hxg5 47. hxg5 Kg6 48. f3 Rxb2+ 49. Ke3 exf3 50. Kxf3 Kxg5 51. Rxc4 Rxa2 52. Rc3 Ra1 53. Rb3 Rh1 54. Kg2 Rh4 55. Rb8 Ra4 56. Kf3 Ra3+ 57. Kf2 Kg4 58. Rb4+ f4 59. Rb2 Rh3 60. Rb4 Rh2+ 61. Kg1 Ra2 62. Rb3 Re2 63. Kf1 Rh2 64. Kg1 Rh5 65. Kg2 Rc5 66. Kf2 Rd5 67. Ra3 Rd2+ 68. Kf1 Rh2 69. Rc3 Rd2 70. Ra3 Rd4 71. Kf2 f3 72. Rxf3 Rd2+ 73. Ke3 Rd3+ 74. Kxd3 Kxf3 1/2-1/2

[Event "HUN-chT2 Szechenyi 0708"]
[Site "Hungary"]
[Date "2008.03.16"]
[Round "8"]
[White "Bende, Ede"]
[Black "Olle, Peter"]
[Result "1/2-1/2"]
[WhiteElo "2175"]
[BlackElo "2220"]
[PlyCount "128"]
[EventDate "2007.10.14"]
[EventType "team"]
[EventRounds "11"]
[EventCountry "HUN"]
[SourceTitle "EXT 2009"]
[Source "ChessBase"]
[SourceDate "2008.11.26"]
[SourceVersion "1"]
[SourceVersionDate "2008.11.26"]
[SourceQuality "1"]
[WhiteTeam "Gyor Komszomol"]
[BlackTeam "Sarvar"]
[WhiteTeamCountry "HUN"]
[BlackTeamCountry "HUN"]

1. d4 Nf6 2. Nf3 e6 3. c4 c5 4. e3 Be7 5. Nc3 0-0 6. Bd3 d5 7. 0-0 Nc6 8. dxc5 dxc4 9. Bxc4 Qa5 10. a3 Qxc5 11. Qe2 a6 12. b4 Qh5 13. e4 b5 14. Bb3 Bb7 15. Bf4 Rac8 16. Rac1 Qg4 17. Bg3 Nh5 18. Rfd1 Rfd8 19. Nd5 exd5 20. exd5 Nxg3 21. hxg3 Nd4 22. Nxd4 Qxe2 23. Nxe2 Rxc1 24. Nxc1 a5 25. bxa5 Bxa3 26. Ne2 Ra8 27. Nc3 Ba6 28. d6 Rd8 29. d7 Kf8 30. Rd5 Ke7 31. Nxb5 Bxb5 32. Re5+ Kf6 33. Rxb5 Rxd7 34. a6 Ra7 35. Ra5 Bb4 36. Ra4 Bc5 37. Kf1 Re7 38. Rf4+ Kg6 39. Bc2+ Kh6 40. Rh4+ Kg5 41. Rc4 Ba7 42. Bd3 g6 43. Be2 Kf6 44. Ke1 Rd7 45. Rb4 Bc5 46. Rb5 Bd4 47. Rb3 Ba7 48. Rf3+ Kg7 49. Bd3 Bb6 50. Kd2 Rc7 51. Bc2 Rc6 52. Bd3 Rf6 53. Rxf6 Kxf6 54. f4 h5 55. Kc3 Ke7 56. Kb4 Be3 57. Kb5 Kd6 58. Bc4 f6 59. Bf7 g5 60. Bxh5 Kc7 61. Bf3 Kb8 62. fxg5 fxg5 63. Kc6 Ka7 64. Be2 Bf2 1/2-1/2

[Event "HUN-chT2 Szechenyi 0708"]
[Site "Hungary"]
[Date "2007.11.25"]
[Round "3"]
[White "Bende, Ede"]
[Black "Szakacs, Daniel"]
[Result "1/2-1/2"]
[WhiteElo "2175"]
[BlackElo "2141"]
[PlyCount "108"]
[EventDate "2007.10.14"]
[EventType "team"]
[EventRounds "11"]
[EventCountry "HUN"]
[SourceTitle "EXT 2009"]
[Source "ChessBase"]
[SourceDate "2008.11.26"]
[SourceVersion "1"]
[SourceVersionDate "2008.11.26"]
[SourceQuality "1"]
[WhiteTeam "Gyor Komszomol"]
[BlackTeam "Veszprem"]
[WhiteTeamCountry "HUN"]
[BlackTeamCountry "HUN"]

1. e4 g6 2. Nf3 Bg7 3. Bc4 c6 4. Nc3 e6 5. Qe2 Ne7 6. e5 d5 7. Bb3 c5 8. d3 Nbc6 9. 0-0 Nf5 10. Bg5 Qa5 11. Ba4 0-0 12. Bxc6 bxc6 13. g4 Nd4 14. Nxd4 cxd4 15. Nd1 Qc7 16. f4 f6 17. exf6 Bxf6 18. Bxf6 Rxf6 19. Qe5 Qxe5 20. fxe5 Rxf1+ 21. Kxf1 g5 22. Nf2 Bd7 23. Nh3 h6 24. Ke2 Rb8 25. b3 a5 26. Ng1 Rf8 27. Rf1 Rxf1 28. Kxf1 c5 29. Nf3 Kf7 30. Ke2 Ke7 31. Kd2 Be8 32. a3 Kd7 33. c3 dxc3+ 34. Kxc3 Kc6 35. b4 axb4+ 36. axb4 cxb4+ 37. Kxb4 Bg6 38. Nd4+ Kd7 39. Kc3 Ke7 40. Nb3 Be8 41. Kb4 Bc6 42. Na5 Be8 43. Nb7 Bc6 44. Na5 Be8 45. Nb3 Bc6 46. Nd4 Be8 47. Nf3 Bg6 48. Kc3 Kd7 49. Kd4 Ke7 50. Ke3 Kd7 51. h4 gxh4 52. Nxh4 Bh7 53. Ng2 Bg6 54. Nf4 Bf7 1/2-1/2

[Event "HUN-chT2 Szechenyi 0708"]
[Site "Hungary"]
[Date "2007.11.11"]
[Round "2"]
[White "Babos, Zsolt"]
[Black "Bende, Ede"]
[Result "0-1"]
[WhiteElo "1856"]
[BlackElo "2175"]
[PlyCount "140"]
[EventDate "2007.10.14"]
[EventType "team"]
[EventRounds "11"]
[EventCountry "HUN"]
[SourceTitle "EXT 2009"]
[Source "ChessBase"]
[SourceDate "2008.11.26"]
[SourceVersion "1"]
[SourceVersionDate "2008.11.26"]
[SourceQuality "1"]
[WhiteTeam "Haladas III"]
[BlackTeam "Gyor Komszomol"]
[WhiteTeamCountry "HUN"]
[BlackTeamCountry "HUN"]

1. d4 d5 2. Nf3 Nf6 3. g3 e6 4. Bg2 c5 5. c4 Nc6 6. 0-0 cxd4 7. Nxd4 Bc5 8. Nxc6 bxc6 9. Nc3 0-0 10. cxd5 cxd5 11. Na4 Be7 12. Nc3 Ba6 13. Qa4 Qc8 14. Bf4 Qc4 15. Qxc4 Bxc4 16. b3 Ba6 17. Rfd1 Ba3 18. Rab1 Rac8 19. Bd2 d4 20. Ne4 Nxe4 21. Bxe4 Bxe2 22. Re1 Ba6 23. b4 Bc4 24. Bf4 Bxa2 25. Ra1 Bxb4 26. Red1 Bc4 27. Rxa7 Be2 28. Rb1 Bc5 29. Ra2 Bg4 30. Bb7 Rcd8 31. Rc1 Bd6 32. Bd2 e5 33. Rc6 Rfe8 34. Ba5 Rb8 35. Rb2 Ba3 36. Rb3 Rxb7 37. Rxb7 Bf3 38. Rb3 Bxc6 39. Rxa3 Rb8 40. Kf1 f6 41. Ke1 Rb1+ 42. Ke2 Rb2+ 43. Bd2 Bb5+ 44. Kd1 Bc6 45. Ra7 Be4 46. Ra3 Kf7 47. f3 Rb1+ 48. Bc1 Bb7 49. Kc2 Rb5 50. Kd2 Ke6 51. Ke2 Rc5 52. Bd2 h5 53. h4 Rb5 54. Ra1 Rb3 55. f4 Rxg3 56. fxe5 fxe5 57. Rb1 Bd5 58. Rb6+ Kf5 59. Be1 Rg2+ 60. Kd1 e4 61. Rd6 Bb3+ 62. Kc1 Ke5 63. Rd7 e3 64. Ba5 Ke4 65. Bb6 Bd5 66. Ra7 Rg1+ 67. Kc2 d3+ 68. Kb2 Rg2+ 69. Kb1 Kf3 70. Ra3 Be4 0-1

[Event "HUN-chT2 Szechenyi 0607"]
[Site "Hungary"]
[Date "2007.03.25"]
[Round "7"]
[White "Takacs, Tamas1111"]
[Black "Bende, Ede"]
[Result "0-1"]
[WhiteElo "2174"]
[BlackElo "2167"]
[PlyCount "50"]
[EventDate "2006.11.12"]
[EventType "team"]
[EventRounds "11"]
[EventCountry "HUN"]
[SourceTitle "EXT 2008"]
[Source "ChessBase"]
[SourceDate "2007.11.25"]
[SourceVersion "1"]
[SourceVersionDate "2007.11.25"]
[SourceQuality "1"]
[WhiteTeam "Peti MTE"]
[BlackTeam "Gyor Komszomol"]
[WhiteTeamCountry "HUN"]
[BlackTeamCountry "HUN"]

1. e4 e6 2. d4 d5 3. Nc3 Bb4 4. Bd2 c5 5. dxc5 Bxc5 6. exd5 exd5 7. Nf3 Be6 8. Bb5+ Nd7 9. Qe2 Ngf6 10. 0-0 0-0 11. Rad1 a6 12. Bxd7 Qxd7 13. Bg5 Ne8 14. Rfe1 b5 15. Ne5 Qb7 16. Be3 Bd6 17. Bd4 Rc8 18. Rd2 Nf6 19. f3 Rfe8 20. Qe3 Qc7 21. Rde2 Nd7 22. Nxd7 Qxd7 23. a3 Rc4 24. Nd1 Qc7 25. g3 Rxd4 0-1

[Event "HUN-chT2 Szechenyi 0506"]
[Site "Hungary"]
[Date "2006.04.23"]
[Round "11"]
[White "Gaber, Jozsef"]
[Black "Bende, Ede"]
[Result "1-0"]
[WhiteElo "2154"]
[BlackElo "2175"]
[PlyCount "54"]
[EventDate "2005.10.16"]
[EventType "team"]
[EventRounds "11"]
[EventCountry "HUN"]
[SourceTitle "EXT 2009"]
[Source "ChessBase"]
[SourceDate "2008.11.26"]
[SourceVersion "1"]
[SourceVersionDate "2008.11.26"]
[SourceQuality "1"]
[WhiteTeam "Zala Volan"]
[BlackTeam "Gyor Komszomol"]
[WhiteTeamCountry "HUN"]
[BlackTeamCountry "HUN"]

1. e4 e6 2. d4 d5 3. Nc3 Bb4 4. e5 c5 5. a3 Bxc3+ 6. bxc3 Nc6 7. Qg4 Nge7 8. Qxg7 Rg8 9. Qxh7 Qa5 10. Bd2 Qb6 11. Nf3 cxd4 12. Qd3 Qb2 13. Rd1 Qxa3 14. cxd4 Qxd3 15. Bxd3 Rxg2 16. h4 Bd7 17. h5 0-0-0 18. h6 Ng6 19. c3 Nh8 20. Bg5 Rg8 21. Bf6 Nb8 22. h7 Rf8 23. Ke2 Be8 24. Rdg1 Rg6 25. Be7 Nd7 26. Bxg6 fxg6 27. Bxf8 Nxf8 1-0